Izquierdas
| Autor Corporativo: | |
|---|---|
| Formato: | Electrónico Revista |
| Lenguaje: | español portugués inglés francés |
| Publicado: |
Santiago de Chile :
Instituto de Estudios Avanzados, Universidad de Santiago de Chile,
2008-
|
| Materias: | |
| Acceso en línea: | Full text available from Research Library: 02/01/2019 to present |
MARC
| LEADER | 00000nas a2200000 i 4500 | ||
|---|---|---|---|
| 001 | ssj0001282845 | ||
| 003 | WaSeSS | ||
| 005 | 20200512172242.0 | ||
| 006 | m d | ||
| 007 | cr n | ||
| 008 | 130722c20089999cl tr p s 0 0spa c | ||
| 010 | |a 2014240310 | ||
| 022 | |a 0718-5049 |l 0718-5049 | ||
| 035 | |a (WaSeSS)ssj0001282845 | ||
| 040 | |a HUA |b eng |e pn |c HUA |d OCLCO |d CUS |d IXA |d OCLCO |d OCLCF |d OCLCO |d CUS |d OCL |d OCLCO |d OCLCA |d VT2 |d WaSeSS | ||
| 041 | 0 | |a spa |a por |a eng |a fre | |
| 042 | |a pcc | ||
| 043 | |a cl----- |a s-cl--- | ||
| 130 | 0 | |a Izquierdas (Santiago, Chile) | |
| 210 | 0 | |a Izquierdas |b (Santiago) | |
| 222 | 0 | |a Izquierdas |b (Santiago) | |
| 245 | 1 | 0 | |a Izquierdas |h [electronic resource]. |
| 246 | 1 | |a Revista Izquierdas | |
| 260 | |a Santiago de Chile : |b Instituto de Estudios Avanzados, Universidad de Santiago de Chile, |c 2008- | ||
| 362 | 1 | |a Began with Año 1, número 1 (julio 2008). | |
| 500 | |a "Uni mirada histórica desde América Latina." | ||
| 506 | |a License restrictions may limit access. | ||
| 546 | |a Text primarily in Spanish; some Portuguese, English and French; abstracts in English and in the language of the text. | ||
| 588 | |a Description based on: Año 1, número (julio 2008); title from HTML header (publisher's Web site, viewed July 15, 2014). | ||
| 588 | |a Latest issue consulted: Número 18 (abril 2014) (viewed July 15, 2014). | ||
| 650 | 0 | |a Socialism |z Chile |v Periodicals. | |
| 650 | 0 | |a Socialism |z Latin America |v Periodicals. | |
| 650 | 0 | |a Socialism |z Latin America |x History |v Periodicals. | |
| 650 | 0 | |a Communism |z Latin America |x History |v Periodicals. | |
| 650 | 7 | |a Communism. |2 fast |0 (OCoLC)fst00870421 | |
| 650 | 7 | |a Politics and government. |2 fast |0 (OCoLC)fst01919741 | |
| 650 | 7 | |a Socialism. |2 fast |0 (OCoLC)fst01123637 | |
| 651 | 0 | |a Chile |x Politics and government |v Periodicals. | |
| 651 | 7 | |a Chile. |2 fast |0 (OCoLC)fst01205362 | |
| 651 | 7 | |a Latin America. |2 fast |0 (OCoLC)fst01245945 | |
| 655 | 0 | |a Electronic journals. | |
| 710 | 2 | |a Universidad de Santiago de Chile. |b Instituto de Estudios Avanzados. | |
| 856 | 4 | 0 | |z Full text available from Research Library: 02/01/2019 to present |u https://search.proquest.com/publication/4393311 |